000
00287nam a2200121Ia 4500
008
190216s9999||||xx |||||||||||||| ||und||
100
_a
Abdulla T
245
0
_a
Banking Theory And Practice Vol1
260
_b
Longman &green &co
_c
1980
300
_a
186p
650
_a
Commerce
942
_c
BK
999
_c
5156
_d
5156